| 000 | 00651nam a22001817a 4500 | ||
|---|---|---|---|
| 008 | 160803b xxu||||| |||| 00| 0 eng d | ||
| 020 | _a9781851682737 | ||
| 050 | _aBP172.A98 2001 | ||
| 100 |
_aAzumah, John Alembillah _924515 |
||
| 245 |
_aThe Legacy of Arab-Islam in Africa _b: a quest for lnter-religious dialogue _c/ John Alembillah Azumah |
||
| 260 |
_aLondon _bOneworld _c2001 |
||
| 300 |
_axvii, 264p.; _c22cm. |
||
| 650 |
_aChristianity and other religious _zIslam _924516 |
||
| 650 |
_aIslam _xRelations, christianity _924517 |
||
| 650 |
_aIslam _y21st century _918550 |
||
| 650 |
_aChristianity _y21st century _912546 |
||
| 942 |
_2lcc _cMONOGRAPH |
||
| 999 |
_c124821 _d124821 |
||